00934nam a2200217 i 4500001000700000003000900007005001700016008004100033040003000074100004000104245007800144250004900222260008800271300002600359596003000385597008500415650003300500852004000533999001900573952012400592167882ES-MaACL20230906213621.0021011s1867 fr af |||| | fre d aCCPB | B bspa cCCPB | B1 aWecker, L. de (d1832-1904)913389210aTraité théorique et pratique des maladies des yeux / cpar L. Wecker. a2e éd. rev., corr. et augm. dans la texte. aParis : bAdrien Delahaye, libraire-éditeur, c1867 (fimprimerie de E. Martinet) av. : bil. ; c23 cm. aEl t. II editado en 1868. aT. I (936 p., VI h. de grab.) -- t. II (1091 p., [3] h. de lám., [1] h. pleg.) 4aOjos-xEnfermedades.9139434 aES-MaACLjG-13826-27 z-- Enc. hol. c167882d167882 001040708LIBXIXaATENEOMbATENEOMcSPP3d2008-01-17l0oG-13826-27p1176129r2023-02-23 00:00:00w2023-02-23yMONANT